00138nam a2200073 4500040000800000082001800008100002200026245001600048 cDLC a891.4391bAMJ aAmjad Islam Amjad aSatwaan Dar